| 000 | 00328nam a2200097Ia 4500 | ||
|---|---|---|---|
| 008 | 220120s9999||||xx |||||||||||||| ||und|| | ||
| 100 |
_aKiran Devaiah, Arpitha, Chaithra, Ramya v r _912823 |
||
| 245 | 0 | _aAndroid based IOT for agriculture Automation | |
| 260 |
_aCoorg Institute of Technology _bPonnampet _c2020 |
||
| 650 | _aMECHANICAL | ||
| 999 |
_c138423 _d138423 |
||